000 00667nam a22002297a 4500
005 20170124110158.0
010 _a476849
020 _c00.00
035 _a476849
037 _bCen Lib/Ret
040 _aDPL
_bEN
082 _a181.4
_bIND
245 _aThe Indian mind :
_cedited by Charles A. Moore
_bessentials of Indian philosophy and culture /
260 _aHonolulu
_beast west centre press
_c1967
270 _bHonolulu
300 _axi,458p.
_c20cm(Hb)
500 _aIncludes index
650 _aPhilosophy
_935505
650 _aCultural philosophy
_935506
700 _923015
_aMoore, Charles A.
942 _2ddc
_cEN
_h181.4
_mMOO
999 _c132702
_d132702